King's Disease III Tracklist (Nas) - Statistics

General Stats
  • This quiz has been taken 4 times
  • The average score is 11 of 17
Answer Stats
Hint Answer % Correct
5 30
100%
4 Michael & Quincy
100%
3 Thun
100%
10 I'm On Fire
75%
2 Legit
75%
8 Reminisce
75%
9 Serious Interlude
75%
11 WTF SMH
75%
15 Beef
50%
16 Don't Shoot
50%
14 First Time
50%
13 Get Light
50%
1 Ghetto Reporter
50%
6 Hood2Hood
50%
12 Once A Man, Twice A Child
50%
7 Recession Proof
25%
17 Til My Last Breath (Bonus Track)
25%
No matching quizzes found
Score Distribution
Percent of People with Each Score
Percentile by Number Answered
Your Score History
You have not taken this quiz